000 00399nam a2200157 a 4500
001 000025743
005 20200930024021.0
008 110221s2001 ja r 000 0 spa d
040 _aDO-SdBNP
_bspa
_cBNPHU
082 _ann*
_bnn*
245 0 3 _aLa enseñanza de Buda.
250 _a9a ed.
260 _aTokyo, Japon :
_bBukkyõ denõ kyõkai,
_c2001.
300 _a307 p. ;
_c19 cm.
049 _aBNGR
999 _c25235
_d25235